Central Library OPAC University of Rajshahi

The broken compass : (Record no. 20892)

MARC details
000 -LEADER
fixed length control field 00807nam a2200253 a 4500
001 - CONTROL NUMBER
control field 20892
003 - CONTROL NUMBER IDENTIFIER
rucl marc code BD-RjUL
005 - DATE AND TIME OF LATEST TRANSACTION
control field 20211209000626.0
008 - FIXED-LENGTH DATA ELEMENTS--GENERAL INFORMATION
fixed length control field 140302s1958 enk 001 0 eng d
035 ## - SYSTEM CONTROL NUMBER
System control number oxf98200728
System control number (OCoLC)1118025
-- (BD-RjUL) 20954
040 ## - CATALOGING SOURCE
Original cataloging agency ZGM
Modifying agency BD-RjUL
Language of cataloging eng
Transcribing agency BD-RjUL
041 ## - LANGUAGE CODE
Language code of text/sound track or separate title eng
082 ## - DEWEY DECIMAL CLASSIFICATION NUMBER
Classification number 822.3
Author mark and year PAB 1964
100 1# - MAIN ENTRY--PERSONAL NAME
Personal name Partridge, Edward B.
Fuller form of name (Edward Bellamy),
Dates associated with a name 1916-2002
9 (RLIN) 64521
245 14 - TITLE STATEMENT
Title The broken compass :
Remainder of title a study of the major comedies of Ben Jonson /
Statement of responsibility, etc. Edward B. Partridge
260 ## - PUBLICATION, DISTRIBUTION, ETC. (IMPRINT)
Place of publication, distribution, etc. London :
Name of publisher, distributor, etc. Chatto & Windus,
Date of publication, distribution, etc. 1958[Impression 1964].
300 ## - PHYSICAL DESCRIPTION
Pagination 254 p. ;
Size 23 cm
500 ## - GENERAL NOTE
General note Includes index.
600 10 - SUBJECT ADDED ENTRY--PERSONAL NAME
Personal name Jonson, Ben,
Dates associated with a name 1573?-1637.
650 #0 - SUBJECT ADDED ENTRY--TOPICAL TERM
Topical term or geographic name as entry element Figures of speech
9 (RLIN) 52622
942 ## - ADDED ENTRY ELEMENTS (KOHA)
Source of classification or shelving scheme Dewey Decimal Classification
Koha item type Books
Holdings
Lost status Source of classification or shelving scheme Damaged status Not for loan Collection code Permanent Location Current Location Shelving location Date acquired Source of acquisition Cost, normal purchase price Total Checkouts Full call number Date last seen Copy number Koha item type
  Dewey Decimal Classification   Not For Loan Fiction Central Library, University of Rajshahi Central Library, University of Rajshahi Reading Room 18/10/1965 Black well 30.00   822.3 PAB 1964 02/03/2014 C-1 Books
  Dewey Decimal Classification     Fiction Central Library, University of Rajshahi Central Library, University of Rajshahi   12/01/1979 Zertlinger 30.00   822.3 PAB 1964 18/11/2020 C-2 Books